| 000 | 00843cam a22002535a 4500 | ||
|---|---|---|---|
| 001 | 17457714 | ||
| 003 | Nust- CAS-E | ||
| 005 | 20180118181401.0 | ||
| 008 | 120910s2012 nyu 000 0 eng | ||
| 010 | _a 2012949079 | ||
| 020 | _a9781447144557 | ||
| 040 |
_aDLC _cDLC _dDLC |
||
| 042 | _apcc | ||
| 082 |
_a621.31 _bSOL 2012 |
||
| 245 | 0 | 0 |
_aSolid oxide fuels cells : _bfacts and figures. |
| 260 |
_aNew York, NY : _bSpringer Berlin Heidelberg, _c2012. |
||
| 263 | _a1209 | ||
| 300 | _ap. cm. | ||
| 856 | 4 | 2 |
_3Publisher description _uhttp://www.loc.gov/catdir/enhancements/fy1313/2012949079-d.html |
| 856 | 4 | 1 |
_3Table of contents only _uhttp://www.loc.gov/catdir/enhancements/fy1313/2012949079-t.html |
| 906 |
_a0 _bibc _corignew _d2 _eepcn _f20 _gy-gencatlg |
||
| 942 |
_2ddc _cBK |
||
| 999 |
_c355418 _d355418 |
||